| 000 | 00356nam a2200145Ia 4500 | ||
|---|---|---|---|
| 008 | 240624s9999 xx 000 0 und d | ||
| 041 | _aeng | ||
| 082 | _a332.015192 CHE | ||
| 100 | _aLEE CHENG FEW | ||
| 245 | _aHANDBOOK OF FINANCIAL ECONOMETRICS AND S | ||
| 260 |
_c2015 _aNew Delhi _bSpringer |
||
| 300 | _a2903 : p. | ||
| 365 |
_cERU _b28 |
||
| 440 | _v3 | ||
| 999 |
_c23976 _d23976 |
||